00668nam a2200205 i 450000100060000000300090000600500170001500700030003200800410003502000180007610000220009424501490011626000560026530000260032149000180034750400120036560000340037783000180041185200330042997866ES-MaACL20250702020108.0t|050719s1986 fr ||||1| fre d a2-13-039438-81 aMarion, Jean-Luc.10aSur le prisme métaphisique de Descartes b: constitution et limites de 1' onto-thè-logie dans le pensée cartèsienne / cJean-Luc Marion. aParis : bPresses Universitaires de France, c1986. aVI, 384 p. ; c22 cm.1 aEpiméthée aIndice.14aDescartes, René,d1596-16500 aEpiméthée aES-MaACLjG-10842 bR.113573